000 00351nam a22001217a 4500
008 250918b |||||||| |||| 00| 0 eng d
020 _a978-93-5316-496-6
100 _aR Kamal , P Saxena
245 _aBig Data Analytics. Introduction to Hadoop,Spark, and Machine-Learning
260 _aChennai
_bMcGraw Hill
_c2023
300 _a508
942 _2ddc
_cBK
999 _c21493
_d21493